On intuition and discursive reasoning in Aristotle /

Bibliographic Details
Main Author: Kal, Victor
Format: Book
Language:English
Published: Leiden ; New York : E.J. Brill, 1988.
Series:Philosophia antiqua ; v. 46.
Subjects:

MARC

Tag First Indicator Second Indicator Subfields
LEADER 00000cam a2200000 a 4500
001 in00000017168
005 20151007053411.0
008 870626s1988 ne b 00110 eng
010 |a  87018309  
020 |a 9004083081 (pbk.) :  |c fl 72.00 (est.) ($32.75 U.S. : est.) 
035 |a (OCoLC)16227574 
035 |9 AAB1524AM 
040 |a DLC  |c DLC  |d TXA  |d UtOrBLW 
049 |a TXAM  |c [A11084048] 
050 0 0 |a B491.R4  |b K35 1988 
082 0 |a 121/.3  |2 19 
100 1 |a Kal, Victor. 
245 1 0 |a On intuition and discursive reasoning in Aristotle /  |c by Victor Kal. 
264 1 |a Leiden ;  |a New York :  |b E.J. Brill,  |c 1988. 
300 |a 196 pages ;  |c 24 cm. 
336 |a text  |b txt  |2 rdacontent 
337 |a unmediated  |b n  |2 rdamedia 
338 |a volume  |b nc  |2 rdacarrier 
490 1 |a Philosophia antiqua,  |x 0079-1687 ;  |v v. 46 
504 |a Bibliography: pages [179]-183. 
500 |a Includes indexes. 
600 0 0 |a Aristotle  |x Views on reasoning. 
650 0 |a Reasoning. 
650 0 |a Intuition. 
830 0 |a Philosophia antiqua ;  |v v. 46. 
999 |a MARS 
999 f f |s 40c0ad95-900d-3da6-b6c6-ef8ccfeb60f6  |i 15293165-4af3-3293-b731-12c754085936  |t 0 
952 f f |p ric  |a Texas A&M University  |b Rellis Campus  |c Joint Library Facility  |d Remote Storage  |t 0  |e B491.R4 K35 1988  |h Library of Congress classification  |i unmediated -- volume  |m A14811084048 
998 f f |a B491.R4 K35 1988  |t 0  |l Remote Storage